000 00709nam a2200205 a 4500
001 000045947
005 20201002052535.0
008 150603s2015 pr 000 0 spa d
020 _a9789945581393
040 _aDO-SdBNP
_bspa
_cBNPHU
082 _axxxx
_bxxxx
100 1 _aRivera, Marilyn,
_d1973-
_974018
245 1 0 _aMasculinidades y transgresiones en la obra de Mayra Santos Febres /
_cMarilyn Rivera.
260 _aSan Juan, Puerto Rico :
_bIsla Negra Editores,
_c2015.
300 _a219 p. :
_b22 cm.
490 1 _aVisiones y cegueras
500 _aIncluye datos biográficos de la autora en la solapa de la cobierta.
504 _aBibliografía : p. 209-219
830 0 _aVisiones y cegueras
_91120
999 _c45436
_d45436